The Virginia springs. With their analysis; and some remarks on their character, together with a directory for the use of the White sulphur water, and an account of the diseases to which it is applicable: to which is added, a review of a portion of Wm. Burke's book on the mineral springs of western Virginia, etc. and an account of the different routes to the springs.
Saved in:
| Main Author: | |
|---|---|
| Format: | Book |
| Language: | English |
| Published: |
Philadelphia,
Lindsay & Blakiston,
1847 [c1847]
|
| Subjects: | |
| Tags: |
Add Tag
No Tags, Be the first to tag this record!
|
| LEADER | 01099nam a2200217K 4500 | ||
|---|---|---|---|
| 001 | 005704282-9 | ||
| 005 | 20090712212352.0 | ||
| 008 | 950620c18471847pau 000 0 eng d | ||
| 035 | 0 | |a ocn230952635 | |
| 040 | |a HMS |c HMS | ||
| 090 | |a RA807.V7 |b M78 | ||
| 100 | 1 | |a Moorman, J. J. |q (John Jennings), |d 1802-1885. | |
| 245 | 1 | 4 | |a The Virginia springs. |b With their analysis; and some remarks on their character, together with a directory for the use of the White sulphur water, and an account of the diseases to which it is applicable: to which is added, a review of a portion of Wm. Burke's book on the mineral springs of western Virginia, etc. and an account of the different routes to the springs. |c By John J. Moormann [sic] ... |
| 260 | |a Philadelphia, |b Lindsay & Blakiston, |c 1847 [c1847] | ||
| 300 | |a xii, [17]-219 p., 1 ℓ. |b front. (fold. map), plate (fold. map), tables. |c 17 cm. | ||
| 650 | 0 | |a Sulfur springs. | |
| 600 | 1 | 0 | |a Burke, William, |d 1808-1880. |t Mineral springs of western Virginia. |
| 650 | 0 | |a Mineral waters |z Virginia. | |
| 650 | 0 | |a Mineral waters |x Analysis. | |
| 988 | |a 20020608 | ||
| 906 | |0 MH | ||


